| 000 | 00513nam a2200181Ia 4500 | ||
|---|---|---|---|
| 003 | GCL | ||
| 008 | 140319s9999 xx 000 0 eng d | ||
| 040 |
_aGCL / _cGCL |
||
| 082 | 0 | 4 |
_a745 _bK T |
| 100 | 1 | _aKOGAN, LEE | |
| 245 | 1 | 0 |
_aTREASURES OF FOLK ART : MUSEUM OF AMERICAN FOLK ART / _cKOGAN, LEE |
| 700 | 1 | _aCATE, BARBORA | |
| 260 |
_a[S.N] : _bABBEVILLE PRESS PUBLISHERS ، _c1994 |
||
| 300 | _a358 | ||
| 650 | 0 | 4 | _aFOLK ART UNITED STATES CATALG |
| 650 | 0 | 4 | _aMUSEUM - AMERICAN FOLK ART |
| 942 |
_2ddc _cBK |
||
| 999 |
_c10320 _d10320 |
||